| 000 | 00583nam a2200217Ia 4500 | ||
|---|---|---|---|
| 005 | 20250923145339.0 | ||
| 008 | 008 250917s9999 xx 000 0 eng d | ||
| 037 | _aTextual | ||
| 040 |
_aDSWL _beng _cDSWL |
||
| 041 |
_aeng _2eng |
||
| 084 | _qDSWL | ||
| 100 |
_aJoshi, H. _9834318 |
||
| 245 | 0 |
_aSurplus labour and the city: A study of Bombay _c by H. Joshi |
|
| 260 |
_aDelhi _bOxford University Press _c1976 |
||
| 300 | _a189p. | ||
| 365 |
_aINR _b40 . 50 |
||
| 700 |
_a V. Joshi _9834319 |
||
| 925 | _g40 . 50 | ||
| 942 | _cTEXL | ||
| 999 |
_c1450270 _d1450270 |
||